000 01244nam a2200301Ia 4500
001 ebr10146677
003 CaPaEBR
006 m u
007 cr cn|||||||||
008 000815s2006 enk s 000 0 eng d
020 _z1845449509
040 _aCaPaEBR
_cCaPaEBR
035 _a(OCoLC)182530471
050 1 4 _aHE8694
_b.H69 2006eb
245 0 0 _aHow free is the radio spectrum?
_h[electronic resource] :
_bguest editors: Erik Bohlin, Brigitte Preissel and Arnd Weber.
260 _aBradford, England :
_bEmerald Group Publishing,
_cc2006.
300 _a97 p.
490 0 _ainfo, the journal of policy, regulation and strategy for telecommunications, information and media ;
_v8, no. 2
533 _aElectronic reproduction.
_bPalo Alto, Calif. :
_cebrary,
_d2009.
_nAvailable via World Wide Web.
_nAccess may be limited to ebrary affiliated libraries.
650 0 _aRadio broadcasting.
650 0 _aRadio frequency allocation.
655 7 _aElectronic books.
_2local
700 1 _aBohlin, Erik.
700 1 _aPreissel, Brigitte.
700 1 _aWeber, Arnd.
710 2 _aebrary, Inc.
856 4 0 _uhttp://site.ebrary.com/lib/rucke/Doc?id=10146677
_zAn electronic book accessible through the World Wide Web; click to view
999 _c190259
_d190259